00474nam a2200109Ia 4500008004100000100003400041245014800075260004800223300001100271650001400282856006800296160712s9999 xx 000 0 und d aCrispino-Ceballo, Mary Ann T. cMary Ann T. Crispino-Ceballo,aReflective Idea-Image Connections: Effects of Pupil Metacognitive Awareness and Concept Understanding in Science c2015bAlipato: A Journal of Basic Education avol. 6 xEDUCATION uhttp://journals.upd.edu.ph/index.php/ali/article/view/4544/4093